Don Bartolomé José Gallardo (1776-1852) (Record no. 7296)

MARC details
000 -CABECERA
campo de control de longitud fija 00745nam a2200241 a 4500
001 - NÚMERO DE CONTROL
campo de control BRCA_7622
005 - FECHA Y HORA DE LA ÚLTIMA TRANSACCIÓN
campo de control 20190320205920.0
008 - DATOS DE LONGITUD FIJA--INFORMACIÓN GENERAL
campo de control de longitud fija 090713s1955----sp-a######---#000-0#spa-#
041 ## - CÓDIGO DE LENGUA
Código de lengua del texto/banda sonora o título independiente spa
044 ## - CÓDIGO DEL PAÍS DE LA ENTIDAD EDITORA/PRODUCTORA
Código MARC del país sp
050 #4 - SIGNATURA TOPOGRÁFICA DE LA BIBLIOTECA DEL CONGRESO
Número de clasificación Z8321.32
Número de documento/Ítem .R63 1955
100 1# - ENTRADA PRINCIPAL--NOMBRE DE PERSONA
Nombre de persona Rodríguez Moñino, A.
9 (RLIN) 18801
245 10 - MENCIÓN DE TÍTULO
Título Don Bartolomé José Gallardo (1776-1852)
Resto del título estudio bibliográfico
Mención de responsabilidad, etc. por A. Rodríguez Moñino.
260 ## - PUBLICACIÓN, DISTRIBUCIÓN, ETC.
Lugar de publicación, distribución, etc. Madrid
Nombre del editor, distribuidor, etc. Sancha
Fecha de publicación, distribución, etc. 1955
300 ## - DESCRIPCIÓN FÍSICA
Extensión 362 p.
Dimensiones 25 cm.
500 ## - NOTA GENERAL
Nota general Ejemplar numerado 65 de 90
500 ## - NOTA GENERAL
Nota general T31
504 ## - NOTA DE BIBLIOGRAFÍA, ETC.
Nota de bibliografía, etc. Bibliografía p. 345-346
600 14 - PUNTO DE ACCESO ADICIONAL DE MATERIA--NOMBRE DE PERSONA
Nombre de persona Gallardo y Blanco, Bartolomé José
Fechas asociadas al nombre 1776-1852
Subdivisión de forma Bibliografía
9 (RLIN) 18802
650 14 - PUNTO DE ACCESO ADICIONAL DE MATERIA--TÉRMINO DE MATERIA
Término de materia o nombre geográfico como elemento de entrada Autores españoles
Subdivisión de forma Bibliografía
9 (RLIN) 18803
902 ## - CATALOGADOR
Iniciales GFM
942 ## - ELEMENTOS DE PUNTO DE ACCESO ADICIONAL (KOHA)
Fuente del sistema de clasificación o colocación Library of Congress Classification
Tipo de ítem Koha Libros
Holdings
Estado de retiro Estado de pérdida Estado dañado No para préstamo Localización permanente Ubicación/localización actual Fecha de adquisición Número de inventario Total de préstamos Signatura topográfica completa Código de barras Fecha visto por última vez Precio válido a partir de Tipo de ítem Koha
El ejemplar forma parte de la colección y puede ser consultado según las políticas vigentes.       Biblioteca del Museo Franz Mayer (Rogerio Casas-Alatriste) Biblioteca del Museo Franz Mayer (Rogerio Casas-Alatriste) 08/07/2013 T31   Z8321.32 .R63 1955 (T31) 8230 22/03/2019 22/03/2019 Libros